000 01256nam a22003497a 4500
003 CHAP
005 20220329143145.0
008 060905s2006 mx a r 00010 spa d
010 _a92655
011 _a93627
035 _a104207
040 _cCHAP
090 _aTesis
100 1 _aJuárez Hernández, Pablo.
_962428
245 1 0 _aSoluciones y refrigeración en poscosecha de rosa cv. Black Magic
_c/por Pablo Juárez Hernández
260 _aChapingo, Méx. :
_bEl autor,
_c2006
300 _a49 h. :
_bilus.; gráfs.; cuadros
502 _aTesis (Ing. Agr. Esp. en Fitotecnia) - - UACH. Departamento de Fitotecnia
590 _aALEPH
_b10
_c20130110
_lUCH01
_h1513
590 _aBATCH-UPD
_b10
_c20130110
_lUCH01
_h0658
590 _aBATCH-UPD
_b10
_c20130410
_lUCH01
_h0343
590 _aBATCH-UPD
_b10
_c20130410
_lUCH01
_h1648
590 _aBATCH-UPD
_b10
_c20130914
_lUCH01
_h1706
590 _aCONVERSION
_b10
_c20130109
_lUCH01
_h1351
650 1 4 _aRosas
_xCalidad.
_999961
650 1 4 _aRosas
_xPreservación.
_999984
650 1 4 _aRosas
_xTecnología postcosecha.
_999990
901 _aBK
942 _cFOLL
949 _aTesis
_bBC
_cTES
_d00000000104207
_eTS1
_h45450
_i104207
_sb
949 _aTesis
_bBC
_cTES
_d33724000877338
_eTS2
_fc.2
_h45451
_i104207
_sb
999 _c92655
_d92655